Využitie vnorenej platformy na meranie teploty

Gespeichert in:
Bibliographische Detailangaben
1. Verfasser: Sándor, Ľudovít (Verfasst von)
Weitere Verfasser: Takács, Gergely (Betreuung Doktorarbeit)
Format: Manuskript Buch
Sprache:Slowakisch
Veröffentlicht: 2015
Schlagworte:
Online-Zugang:http://is.stuba.sk/zp/portal_zp.pl?podrobnosti=103618
Tags: Tag hinzufügen
Keine Tags, Fügen Sie das erste Tag hinzu!

MARC

LEADER 00000ntm a22000003a 4500
001 stuzp53073
003 SK-STU
005 20160719154354.3
007 ta
008 150427s2015----xo-----f-mn---000-0-slo-d
040 |a STU  |b slo 
041 0 |a slo 
100 1 |a Sándor, Ľudovít  |u 020020  |4 aut  |U SjF Strojnícka fakulta  |T SjF Ústav automatizácie, merania a aplikovanej informatiky  |X 59203  |U J0020  |Y 802  |7 A000059203 
242 0 1 |a Use of an embedded platform for temperature measurement  |y eng 
245 1 0 |a Využitie vnorenej platformy na meranie teploty 
260 |c 2015 
650 4 |a Matlab  |2 slo 
650 4 |a Arduino  |2 slo 
650 4 |a senzor  |2 slo 
650 4 |a meranie teploty  |2 slo 
650 4 |a neistota merania  |2 slo 
650 4 |a Matlab  |2 eng 
650 4 |a sensor  |2 eng 
650 4 |a temperature measurement  |2 eng 
650 4 |a measurement uncertainty  |2 eng 
650 4 |a Arduino  |2 eng 
700 1 |a Takács, Gergely  |4 ths  |X 21811  |7 A000021811 
856 4 |u http://is.stuba.sk/zp/portal_zp.pl?podrobnosti=103618 
996 |b 284J043672  |c J* 1962/DP  |l JJSK  |s A  |a 24  |w stuzp53073_0001 
SQL |a stuzp53073  |b DDP  |c SLO  |d Využitie vnorenej platformy na meranie teploty  |e 59203  |f Sándor, Ľudovít  |g 020020  |h 21811  |i Takács, Gergely  |j 20150618  |k 51  |l 02  |m http://is.stuba.sk/zp/portal_zp.pl?podrobnosti=103618  |n I-AISP  |o 5.2.14. automatizácia